00720nam a2200217 i 4500001000700000003000900007005001700016007000300033008004100036080001000077100002300087245005600110250001700166260004000183300002200223500001400245650003500259852006600294999001900360952012300379170946ES-MaACL20230906214514.0t|090417s1958 xxk ||||1| eng d a800.11 aAyer, A. J.92414410aLanguage, truth and logic / cby Alfred Jules Ayer. a2nd rev. ed. aLondon : bVictor Gollancz, c1958. a160 p. ; c19 cm. aÍndice. 4aLenguaje-xFilosofía.914344 aES-MaACLjE-12580 z. - Biblioteca Jacinto Martínez Lacalle c170946d170946 00104070aATENEOMbATENEOMcDEPO2d2009-04-17eDONl0oE-12580p1179408r2023-02-23 00:00:00w2023-02-23yMONOGRAFIA